| 000 | 01243nam a22002777a 4500 | ||
|---|---|---|---|
| 003 | OSt | ||
| 005 | 20260211083525.0 | ||
| 008 | 240821b ||||| |||| 00| 0 eng d | ||
| 040 | _c0 | ||
| 082 | _aDPer 361.05 J826 January-April 2020 v. 67 n. 1-3 | ||
| 100 |
_aHayes, Jeffrey A. _eauthor. _958658 |
||
| 245 |
_aSuicide among college students in psychotherapy : _bindividual prediction and latent classes / _cJeffrey A. Hayes, Justin Petrovich, Rebecca A. Janis, Ying Yang, Louis G. Castonguay, and Benjamin D. Locke. |
||
| 260 |
_aWashington ; _bAmerican Psychological Association , _cJanuary 2020. |
||
| 300 |
_aVolume 67, pages 104-114 : _billustration ; _c28 cm. |
||
| 500 | _aJournal of Counseling Psychology, vol. 67, no.1, pages 104-114, January 2020. | ||
| 650 | 0 |
_aStudents psychology. _965333 |
|
| 650 | 0 |
_aSuicide — Psychological aspects. _961416 |
|
| 650 | 0 |
_aStudent health services methods trends. _965335 |
|
| 700 |
_aHayes, Jeffrey A. _eauthor. _958658 |
||
| 700 |
_aPetrovich, Justin. _eauthor. _958659 |
||
| 700 |
_aJanis, Rebecca A. _eauthor. _958660 |
||
| 700 |
_aYang, Ying. _eauthor. _958661 |
||
| 700 |
_aCastonguay, Louis G. _eauthor. _958662 |
||
| 700 |
_aLocke, Benjamin D. _eauthor. _958663 |
||
| 942 |
_2ddc _cPER |
||
| 999 |
_c20771 _d20771 |
||